Qisṣạt al-hạdạ̄rah /

محفوظ في:

المؤلف الرئيسي: Durant, Will, 1885-1981 (مؤلف)

مؤلف مشترك: Arab League Educational, Cultural, and Scientific Organization.

مؤلفون آخرون: Maḥmūd, Zakī Najīb, 1905-

التنسيق: كتاب

اللغة: Arabic

منشور في: al-Qāhirah : Lajnat al-Taʼlīf wa-al-Tarjamah wa-al-Nashr, 1956-

الطبعة: al-Ṭabʻah 2.

الموضوعات:

الوسوم: إضافة وسم

لا توجد وسوم, كن أول من يضع وسما على هذه التسجيلة!

رقم الطلب: CB53 .D8512 v.1/1

LEADER 01344cam a2200301 a 4500
003 OSt
005 20231213123919.0
008 130303m19569999ua af 000 0 ara d
952 |0 0  |1 0  |2 lcc  |4 0  |6 CB0053 D8512 V.00001/00001  |7 1  |9 57612  |a ARCE  |b ARCE  |d 2023-12-13  |l 0  |o CB53 .D8512 v.1/1  |p 1009766  |r 2023-12-13 00:00:00  |w 2023-12-13  |y BK 
999 |c 30736  |d 30736 
040 |c ARCE Library 
050 4 |a CB53 .D8512 v.1/1 
100 1 |a Durant, Will,  |d 1885-1981,  |e author  |9 29327 
240 1 0 |a Story of civilization.  |l Arabic 
245 1 0 |6 880-02  |a Qisṣạt al-hạdạ̄rah /  |c Taʼlīf Wil Dyūrānt ; tarjamat Zakī Najīb Mahṃūd. 
250 |a al-Ṭabʻah 2. 
264 1 |a al-Qāhirah :   |b Lajnat al-Taʼlīf wa-al-Tarjamah wa-al-Nashr,   |c 1956-  
300 |a volumes :   |b illustrations, plates ;   |c 25 cm. 
504 |a Includes bibliographical references. 
650 0 |a Civilization  |x History. 
650 0 |a Civilization, Medieval. 
650 0 |a Civilization, Oriental.  
650 0 |a Civilization, Western. 
700 1 |a Maḥmūd, Zakī Najīb,  |d 1905- 
710 2 |a Arab League Educational, Cultural, and Scientific Organization.  
880 1 0 |6 245-02/(3/r  |a قصة الحضارة   |c تأليف ول ديورانت ؛ ترجمة زكي نجيب محمود.‪‪‪‪‪‪‪‪‪‪‪‪‪‪‪‪‪‪ 
901 |a reviewed 
942 |c BK  |2 lcc